| 000 | 00515nam a2200181Ia 4500 | ||
|---|---|---|---|
| 003 | GCL | ||
| 008 | 140319s9999 xx 000 0 eng d | ||
| 040 |
_aGCL / _cGCL |
||
| 082 | 0 | 4 |
_a915.93 _bW S |
| 100 | 1 | _aWANGPAICHITR, SEREE | |
| 245 | 1 | 0 |
_aSUKHOTHAI : _bWORLD HERITAGE / _cWANGPAICHITR, SEREE |
| 260 |
_aتايلانــد : _bTHAWEEWAT PRESS CO., LTD. ، _c2000 |
||
| 300 |
_a20 cm ؛ _c76 p |
||
| 650 | 0 | 4 | _aTHAILAND |
| 650 | 0 | 4 | _aTHAILAND - DESCRIPTION AND TRAVEL |
| 650 | 0 | 4 | _aSUKHOTHAI |
| 942 |
_2ddc _cBK |
||
| 999 |
_c3225 _d3225 |
||